| 000 | 01013nam a2200301 i 4500 | ||
|---|---|---|---|
| 001 | bg | ||
| 100 | 1 | _aSABATH, Ann Marie | |
| 245 | 1 | 0 |
_aSavoir-vivre w biznesie / _cAnn Marie Sabath ; przekł. Małgorzata Strzelec, Lech Z. Żołędziowski. |
| 246 |
_iTyt. oryg.: _aBusiness etiquette : 101 ways to conduct business with charm and savvy |
||
| 250 | _aWyd.2. | ||
| 260 |
_aWarszawa : _b"Amber", _c2004. |
||
| 300 |
_a125, [3] s. ; _c21 cm. |
||
| 490 | 1 | _aKsiążki Gazety Prawnej | |
| 500 | _aTyt. oryg.: "Business etiquette : 101 ways to conduct business with charm and savvy", 2nd ed. | ||
| 650 | 9 | _aObyczaje towarzyskie | |
| 650 | 9 |
_aPraca _xkultura |
|
| 655 | _aPoradniki | ||
| 700 | 1 |
_aŻOŁĘDZIOWSKI, Lech. _eTł. |
|
| 700 | 1 |
_aSTRZELEC, Małgorzata. _eTł. |
|
| 830 | _aKsiążki Gazety Prawnej | ||
| 020 | _a8324117652 | ||
| 040 | _cBPK | ||
| 041 | 1 |
_apol _heng |
|
| 080 | _a395:331.101](083.1) | ||
| 920 | _a83-241-1765-2 | ||
| 942 | _cKS | ||
| 008 | s pl f |000 0 pol | ||
| 999 |
_c44740 _d44740 |
||
| 856 |
_uhttp://koha.tu.koszalin.pl/cgi-bin/koha/opac-detail.pl?biblionumber=44740 _yKatalog online BPK |
||